| 000 | 01251nam a2200325 a 4500 | ||
|---|---|---|---|
| 001 | 000114514 | ||
| 003 | CHAP | ||
| 005 | 20220329144444.0 | ||
| 008 | 180209s2017 mx sm |||||||spa d | ||
| 010 | _a110975 | ||
| 011 | _a111947 | ||
| 040 | _cCHAP | ||
| 090 | _aTesis | ||
| 100 | 1 |
_aLópez Moreno, Hector _9134615 |
|
| 245 | 1 | 0 |
_aDetección de resistencia a virus en tomate de cáscara (Physalis ixocarpa brot. exrm.) mediante marcadores moleculares _h[En línea] _cpor Hector López Moreno. |
| 260 |
_aChapingo, Méx. : _bEl autor, _c2017. |
||
| 500 | _aPara ver el contenido del material haga clic en la liga | ||
| 502 | _aTesis (Ing. Agr. Esp. en Fitotecnia) -- UACH. Departamento de fitotecnia | ||
| 590 |
_aE6339RRR _b05 _c20180209 _lUCH01 _h0852 |
||
| 590 |
_aE6339RRR _b05 _c20180209 _lUCH01 _h0852 |
||
| 590 |
_aE6339RRR _b05 _c20180209 _lUCH01 _h0854 |
||
| 650 | 1 | 4 |
_aTomate verde _xEnfermedades por virus. _9113812 |
| 650 | 1 | 4 |
_aTomate verde _xFisiología y morfología. _9113815 |
| 650 | 1 | 4 |
_aTomate verde _xGenética. _9113816 |
| 650 | 1 | 4 |
_aTomate verde _xVariedades resistentes a enfermedades. _9113841 |
| 856 |
_aFinding aid _uhttp://10.13.5.2/tesis/sist114514.pdf _zTeclea aquí |
||
| 901 | _aBK | ||
| 942 | _cLIBRO | ||
| 942 | _n0 | ||
| 999 |
_c110975 _d110975 |
||